000 02356cam a22002895i 4500
999 _c14259
_d14259
003 OSt
005 20260304192647.0
008 241106s2024 ii ab b 000 0 engoc
020 _a9788195727292
_q(paperback)
025 _aI-E-2025349533; 58-25
035 _a24133693
035 _a(OCoLC)1466974132
037 _bLibrary of Congress -- New Delhi Overseas Office
042 _apcc
043 _aa-ii---
050 0 4 _aDS485.S217
_bC37 2024
082 0 4 _a954.3
_223
100 1 _aChadhar, Mohan Lal,
_d1981-
_eauthor.
245 1 0 _aEran :
_bthe rich cultural heritage of lost civilizations /
_cDr. Mohan Lal Chandhar
300 _a254 pages :
_bcolor illustrations, color maps ;
_c28 cm
504 _aIncludes bibliographical references (pages 250-254).
520 _a"Eran, a site of immense historical and archaeological significance, holds a prominent position in the Chalcolithic cultures of Central India. The excavations conducted in Eran have unearthed a treasure trove of evidence related to the Kayatha, Ahar, Malwa, and Jorwe cultures, providing valuable insights into the ancient civilizations that thrived in the region. The artifacts and remains discovered at Eran have shed light on the cultural practices, technological advancements, and social organization of the Chalcolithic people who once inhabited the area. The architectural marvels of Eran stand as a testament to the ingenuity and craftsmanship of our forebears. The temples, with their austere simplicity, speak of an era when art and architecture were intrinsically linked to spirituality. The monumental pillars, crowned with back-to-back human figures, leave us awestruck by the mastery of ancient sculptors. This book seeks to provide a comprehensive account of the various inscriptions obtained from Eran, offering readers a deeper understanding of the rich cultural heritage of lost civilizations. Through the study of these inscriptions, we aim to preserve and celebrate the legacy of Eran's past, ensuring that its significant contributions to India's history remain cherished and well-appreciated."
_uhttps://www.bagchee.com/books/BB138354/eran-rich-cultural-heritage-of-lost-civilizations
650 0 _aHindu sculpture
_zIndia
_zEran (Extinct city)
651 0 _aEran (Extinct city)
651 0 _aSāgar (India : District)
_xAntiquities.
942 _2ddc